Normal view MARC view

Entry Personal Name

Number of records used in: 1

001 - CONTROL NUMBER

  • control field: 16871

003 - CONTROL NUMBER IDENTIFIER

  • control field: OSt

005 - DATE AND TIME OF LATEST TRANSACTION

  • control field: 20240110124939.0

008 - FIXED-LENGTH DATA ELEMENTS

  • fixed length control field: 240110|| aca||aabn | a|a d

040 ## - CATALOGING SOURCE

  • Original cataloging agency: OSt
  • Transcribing agency: OSt

100 ## - HEADING--PERSONAL NAME

  • Personal name: Edited by Thomasine K. Kushner; David C. Thomasma

670 ## - SOURCE DATA FOUND

  • Source citation: Work cat.: (OSt)8108: Edited by Thomasine K. Kushner; David C. Thomasma, Ward Ethics :, 2001.